000 00520nam a2200181Ia 4500
005 20250326141132.0
008 250326s9999 xx 000 0 und d
037 _aTextbook
040 _aFMSL
_beng
_cFMSL
041 _aeng
_2eng
084 _qFMSL
100 _aCrosby J V
_9743788
245 0 _aManaging the big sap: A relational approach to marketing strategies tacties selling
_cCrosby J V
260 _aUSA
_bUSA, N.T.C Business Books
_c1996
300 _a237p
942 _cTB
999 _c1288860
_d1288860